000 00714nam a2200265Ia 4500
005 20260121170500.0
008 008 260114s9999 xx 000 0 eng d
020 _a9783319753461
037 _aEBOOK
040 _aCRL
040 _beng
040 _cCRL
041 _2eng
041 _aeng
084 _qCRL
100 _aMichael Gbolagade Oladokun, Clinton Ohis Aigbavboa
_91064421
245 0 _aSimulation-Based Analysis of Energy and Carbon Emissions in the Housing Sector
260 _bSpringer
260 _bSpringer
260 _c2018
856 _uhttps://link.springer.com/openurl?genre=book&isbn=978-3-319-75346-1
942 _cEBOOK
999 _c1630150
_d1630150